000 00613nam a22002297a 4500
003 UA-OsUOA
001 80439
007 ta
008 20111208b un ||||| |||| 00| 0 ukr d
100 _aОстровський М.
090 _a821.161.2
_bО-77
942 _cBK
040 _aUA-OsUOA
_bukr
_cUA-OsUOA
_dUA-OsUOA
245 _aЯк гартувалася сталь
_bроман
300 _a373 с.
955 _a3
041 _aukr
080 _a821.161.2
260 _aК.
_bЦК ЛКСМУ
_c1971
650 7 _a82 Література. Літературознавство
_2UDC
999 _c366751
_d366751